000 00850nam a22002417a 4500
001 0000002003
003 PPM
005 20260429154007.0
008 260429b ||||| |||| 00| 0 eng d
020 _a0704505428
_cRM 17.00
_qPaperback
035 _a0000002003
040 _bEng
_cPusat Penyelidikan Mineral, Jabatan Mineral Dan Geosains Malaysia
_dPPM
_eRDA
082 0 0 _219
_a658.314
_bBLA 1985
100 1 _aBlanchard, Marjorie,
_d1940-
245 1 0 _aWorking Well : Managing For Health And High Performance /
_cby Marjorie Blanchard, Mark J. Tager
260 1 _aNew York :
_bWildwood House ,
_c1985
300 0 0 _a240 pages .:
_billustrations .:
_c21 cm
504 _aIncludes bibliographical references
650 1 0 _aIndustrial hygiene
_xManagement.
650 2 0 _aWork environment.
700 1 _aTager, Mark
_ejoint author
942 _2ddc
_cBK
999 _c27241
_d27241